| 000 | 00747cab a2200193 4500 | ||
|---|---|---|---|
| 001 | L136509 | ||
| 008 | 070205n2007 000 0 eng u | ||
| 035 | _a(Sirsi) u136509 | ||
| 041 | 0 | _aeng | |
| 100 | 1 | _aShaw, Keith | |
| 245 | 0 | 0 | _aFit to be occupied |
| 260 | _c2007 | ||
| 490 | 0 | 0 |
_aEstates Gazette _v(0704) 27 January 2007, 182-183(2) |
| 520 | _aDiscusses the definition of "vacant possession" which requires interpretation by lawyers, judges and laymen. Analyses the little case law in this area and focuses on two major issues that regularly affect the obligation to vacant possession. Offers constructive suggestions. | ||
| 590 | _aKA | ||
| 651 | 4 |
_aEngland _y886- |
|
| 690 | _aPROPERTY AND LAND LAW-AGENCY-RESIDENTIAL | ||
| 942 | _n0 | ||
| 999 |
_c78322 _d78322 |
||